LEADER 00979nam a2200229 i 4500 001 000000070486 003 CaOOAMICUS 005 20080821000000.0 008 080821s1976 it u000 u ita u 013 $a41658 040 $aSeMil$bita 100 1 $aMartinetti, Piero,$d<1871-1943>.$0(OLS)http://semarc/name/4975 245 10$a1 /$cPiero Martinetti. 260 $aMilano :$bEdizioni di Comunità,$c1976. 300 $aXXVII, 796 p. ;$c21 cm. 490 0 $aSaggi di cultura contemporanea ;$v118./1 773 0 $aMartinetti, Piero <1871-1943>$tScritti di metafisica e di filosofia della religione.$dMilano : Edizioni di Comunità, 1976.$g1$w()19953 830 0$aSaggi di cultura contemporanea ;$v118./1.$0(OLS)http://semarc/title/7468 850 $aSeMil 852 $aSeMil$W1$xVenegono$y1$m2P II 394$j36639$B36639$CSeMilBibl$Z2$F36642 $81 996 $6245$a1$9(OLS)http://semarc/title/46247 996 $6260$aMilano :$bEdizioni di Comunità$9(OLS)http://semarc/publisher/31458 LEADER 01077nam a2200229 i 4500 001 000000200579 003 CaOOAMICUS 005 20110411000000.0 008 110411s1850 it u000 u ita u 013 $a179279 040 $aSeMil$bita 245 10$aDottrine di s. Alfonso de Liguori difese contro le impugnazioni del signor abate Rosmini. 250 $aEd. 3. , con una breve appendice in difesa di monsignore Scavini. 260 $aMonza :$bTip. dell' Istituto dei Paolini,$c1850. 300 $a72 p. ;$c23 cm. 600 14$aRosmini, Antonio .$0(OLS)http://semarc/subject/791 600 04$aLiguori, Alfonso Maria : de' .$0(OLS)http://semarc/subject/1344 773 0 $t[Opuscoli.$w()24711 850 $aSeMil 852 $aSeMil$W1$xVenegono$y1$m5A II 16/8 FA$j151108$B151108$CSeMilBibl$Z2$F162405 $8I 996 $6245$aDottrine di s. Alfonso de Liguori difese contro le impugnazioni del signor abate Rosmini$9(OLS)http://semarc/title/290072 996 $6260$aMonza :$bTip. dell' Istituto dei Paolini$9(OLS)http://semarc/publisher/42362